ノジマ全店舗 - Statistics

General Stats
  • This quiz has been taken 19 times
    3 since last reset
  • The average score is 11 of 239
Answer Stats
ヒント Answer % Correct
イオンモール座間
67%
アリオ橋本
33%
ららぽーと横浜
33%
大和
33%
ららぽーと海老名
33%
座間
33%
ららぽーと湘南平塚
33%
テラスモール湘南
33%
鎌倉
33%
新宿タカシマヤタイムズスクエア
33%
亀有
33%
アリオ北砂
33%
池袋東武
33%
国分寺
33%
イオンモール多摩平の森
33%
イーアス高尾
33%
小田急町田
33%
ららテラス北綾瀬
33%
浦和
33%
レイクタウン
33%
イオンモール木更津
33%
ららぽーと柏の葉
33%
テラスモール松戸
33%
イオンモール成田
33%
イオンモール甲府昭和
33%
茨城県 イオンタウン守谷
33%
イオン土浦
33%
イオンつくば
33%
イーアスつくば
33%
イオンモール新潟亀田インター
33%
流山おおたかの森S・C
33%
神奈川県 川崎杵形
0%
西友鶴見
0%
ラスカ平塚
0%
相模原本店
0%
川崎小田栄
0%
イトーヨーカドー武蔵小杉駅前
0%
川崎中原
0%
マルイファミリー溝口
0%
宮前
0%
クロス向ヶ丘
0%
イオン新百合ヶ丘
0%
川崎水沢
0%
瀬谷
0%
横浜岡野
0%
イオンフードスタイル三ツ境
0%
ジョイナステラス二俣川
0%
コーナン港北インター
0%
トレッサ横浜
0%
日吉東急アベニュー
0%
横浜東寺尾
0%
本牧フロント
0%
権太坂
0%
ブランチ横浜南部市場
0%
アピタ金沢文庫
0%
金沢八景
0%
オーロラモール東戸塚
0%
東戸塚西口プラザ
0%
港南台バース
0%
イトーヨーカドー上永谷
0%
戸塚モディ
0%
東急百貨店たまプラーザ
0%
センター北
0%
横浜四季の森
0%
カエデウォーク長津田
0%
本厚木ミロード
0%
厚木本店
0%
愛川
0%
マルイファミリー海老名
0%
ジ アウトレット湘南平塚
0%
秦野
0%
伊勢原
0%
イトーヨーカドー伊勢原
0%
鴨宮
0%
湯河原
0%
大井松田
0%
藤沢
0%
東急ストア鎌倉
0%
そよら湘南茅ヶ崎
0%
コースカベイサイド横須賀
0%
横須賀
0%
野比
0%
三浦
0%
東京都 西友成増
0%
イトーヨーカドー武蔵境
0%
上池台東急ストア
0%
北千住マルイ
0%
アーバンドックららぽーと豊洲
0%
千住大橋
0%
荻窪駅前
0%
ホームズ仙川
0%
経堂駅前
0%
レシピ下北沢
0%
イトーヨーカドー小岩
0%
イトーヨーカドー曳舟
0%
葛西
0%
イトーヨーカドー四ツ木
0%
グランデュオ蒲田
0%
イオンスタイル碑文谷
0%
フレル・ウィズ自由が丘
0%
マチノマ大森
0%
イオン西新井
0%
イトーヨーカドー木場
0%
練馬駅前
0%
西台
0%
板橋前野町
0%
イトーヨーカドー赤羽
0%
三鷹東八
0%
東急百貨店吉祥寺
0%
イオンフードスタイル小平
0%
若葉台
0%
府中四谷
0%
ミッテン府中
0%
ひばりが丘パルコ
0%
調布パルコ
0%
キテラタウン調布
0%
田無アスタ
0%
東久留米滝山
0%
アクロスプラザ東久留米
0%
イトーヨーカドー昭島
0%
グランデュオ立川
0%
ららぽーと立川立飛
0%
イオンモールむさし村山
0%
日の出
0%
八王子みなみ野
0%
南大沢
0%
西八王子
0%
忠生
0%
青梅統合館
0%
青梅インター
0%
イトーヨーカドー綾瀬
0%
東寺方
0%
上野マルイ
0%
リヴィンオズ大泉
0%
三和小川
0%
埼玉県 エミテラス所沢
0%
イトーヨーカドー久喜
0%
イトーヨーカドー三郷
0%
所沢本店
0%
所沢北原
0%
東所沢
0%
入間
0%
西武飯能ペペ
0%
モラージュ菖蒲
0%
ララガーデン川口
0%
イオンモール川口前川
0%
イトーヨーカドー和光
0%
マルイファミリー志木
0%
熊谷ニットモール
0%
大宮タカシマヤ
0%
大宮ステラタウン
0%
ララガーデン春日部
0%
蓮田マイン
0%
イオンモール上尾
0%
ベニバナウォーク桶川
0%
浦和パルコ
0%
イオンモール与野
0%
アコス草加
0%
草加舎人
0%
八潮
0%
まるひろ川越
0%
川越西
0%
ウニクス川越
0%
ららぽーと富士見
0%
ららテラス川口
0%
イオンモール北戸田
0%
千葉県 柏モディ
0%
イオンモール津田沼
0%
アリオ蘇我
0%
イオン海浜幕張
0%
マリンピア専門館
0%
イオンスタイル鎌取
0%
イオンモール幕張新都心
0%
イオンタウンユーカリが丘
0%
ユニモちはら台
0%
イオンノア
0%
あびこショッピングプラザ
0%
西友浦安
0%
ニューコースト新浦安
0%
コルトンプラザ
0%
市川駅前
0%
ビビット南船橋
0%
船橋東武
0%
鎌ヶ谷
0%
イオン八千代緑が丘
0%
ユアエルム八千代台
0%
ユアエルム成田
0%
イオンモール千葉ニュータウン
0%
イトーヨーカドー松戸
0%
イトーヨーカドー八柱
0%
イオン銚子
0%
イオンタウン東習志野
0%
静岡県 ららぽーと磐田
0%
清水
0%
イオン富士宮
0%
イオン富士南
0%
焼津
0%
藤枝駅前
0%
藤枝水守
0%
新静岡セノバ
0%
イトーヨーカドー静岡
0%
島田
0%
吉田
0%
御殿場
0%
伊東
0%
下田とうきゅう
0%
修善寺
0%
沼津
0%
ららぽーと沼津
0%
長泉
0%
三島
0%
山梨県 韮崎
0%
甲府東
0%
都留
0%
富士吉田
0%
長野県 イオンモール松本
0%
豊科
0%
諏訪
0%
新潟県 五泉
0%
水原
0%
村上
0%
0%
十日町
0%
小出
0%
見附
0%
イトーヨーカドー多摩センター
0%
LICOPA東大和
0%
MARK IS みなとみらい
0%
MARK IS 静岡
0%
NEW城山
0%
NEW湘南台
0%
NEW綾瀬
0%
NEW鶴川
0%
NEW甲府
0%
小田急OX狛江
0%
まるひろ上尾SC
0%
SOCOLA用賀
0%
SOCOLA武蔵小金井クロス
0%
五反田TOC
0%
No matching quizzes found
Score Distribution
Percent of People with Each Score
Percentile by Number Answered
Your Score History
You have not taken this quiz since the last reset